| 000 | 00482nam a2200217Ia 4500 | ||
|---|---|---|---|
| 005 | 20250425162055.0 | ||
| 008 | 250425s9999 xx 000 0 und d | ||
| 020 | _a8481092304 | ||
| 041 | _aspa | ||
| 082 | _a331.2 | ||
| 100 | _aPEDRO, NAVARRO | ||
| 245 | 0 | _aEL FUTURO DEL EMPLEO | |
| 250 | _a1A ED. | ||
| 260 | _aBARCELONA | ||
| 260 |
_aEspaƱa _bGALAXIA GUTENBERG _c1999 |
||
| 300 | _a127 | ||
| 650 | _aEMPLEO | ||
| 650 | _aTRABAJO | ||
| 942 | _c01 | ||
| 010 | _a47604 | ||
| 999 |
_c221819 _d221819 |
||